<?xml version="1.0" encoding="UTF-8"?>
<collection xmlns="http://www.loc.gov/MARC21/slim">
 <record>
  <leader>02405cam a22004692c 4500</leader>
  <controlfield tag="001">1138248932</controlfield>
  <controlfield tag="003">DE-627</controlfield>
  <controlfield tag="005">20241112203729.0</controlfield>
  <controlfield tag="007">tu</controlfield>
  <controlfield tag="008">980828s1971    xx |||||      00| ||fre c</controlfield>
  <datafield tag="035" ind1=" " ind2=" ">
   <subfield code="a">(DE-627)1138248932</subfield>
  </datafield>
  <datafield tag="035" ind1=" " ind2=" ">
   <subfield code="a">(DE-576)068248938</subfield>
  </datafield>
  <datafield tag="035" ind1=" " ind2=" ">
   <subfield code="a">(DE-599)BSZ068248938</subfield>
  </datafield>
  <datafield tag="035" ind1=" " ind2=" ">
   <subfield code="a">(OCoLC)06675893</subfield>
  </datafield>
  <datafield tag="035" ind1=" " ind2=" ">
   <subfield code="a">(DE-604)8072518103</subfield>
  </datafield>
  <datafield tag="040" ind1=" " ind2=" ">
   <subfield code="a">DE-627</subfield>
   <subfield code="b">ger</subfield>
   <subfield code="c">DE-627</subfield>
   <subfield code="e">rakwb</subfield>
  </datafield>
  <datafield tag="041" ind1=" " ind2=" ">
   <subfield code="a">fre</subfield>
  </datafield>
  <datafield tag="084" ind1=" " ind2=" ">
   <subfield code="a">QK 210</subfield>
   <subfield code="2">rvk</subfield>
   <subfield code="0">(DE-625)rvk/141635:</subfield>
  </datafield>
  <datafield tag="084" ind1=" " ind2=" ">
   <subfield code="a">ND 6480</subfield>
   <subfield code="2">rvk</subfield>
   <subfield code="0">(DE-625)rvk/125099:</subfield>
  </datafield>
  <datafield tag="084" ind1=" " ind2=" ">
   <subfield code="a">15.13</subfield>
   <subfield code="2">bkl</subfield>
  </datafield>
  <datafield tag="100" ind1="1" ind2=" ">
   <subfield code="8">1\p</subfield>
   <subfield code="a">Samuelson, Alain</subfield>
   <subfield code="0">(DE-588)170095630</subfield>
   <subfield code="0">(DE-627)060125020</subfield>
   <subfield code="0">(DE-576)131006681</subfield>
   <subfield code="4">aut</subfield>
  </datafield>
  <datafield tag="245" ind1="1" ind2="3">
   <subfield code="a">Le mark</subfield>
   <subfield code="b">histoire de la monnaie allemande</subfield>
   <subfield code="c">Alain Samuelson</subfield>
  </datafield>
  <datafield tag="264" ind1=" " ind2="1">
   <subfield code="a">Paris [u.a.]</subfield>
   <subfield code="b">Didier</subfield>
   <subfield code="c">1971</subfield>
  </datafield>
  <datafield tag="300" ind1=" " ind2=" ">
   <subfield code="a">431 S.</subfield>
  </datafield>
  <datafield tag="336" ind1=" " ind2=" ">
   <subfield code="a">Text</subfield>
   <subfield code="b">txt</subfield>
   <subfield code="2">rdacontent</subfield>
  </datafield>
  <datafield tag="337" ind1=" " ind2=" ">
   <subfield code="a">ohne Hilfsmittel zu benutzen</subfield>
   <subfield code="b">n</subfield>
   <subfield code="2">rdamedia</subfield>
  </datafield>
  <datafield tag="338" ind1=" " ind2=" ">
   <subfield code="a">Band</subfield>
   <subfield code="b">nc</subfield>
   <subfield code="2">rdacarrier</subfield>
  </datafield>
  <datafield tag="490" ind1="0" ind2=" ">
   <subfield code="a">Monde germanique</subfield>
  </datafield>
  <datafield tag="689" ind1="0" ind2="0">
   <subfield code="d">s</subfield>
   <subfield code="0">(DE-588)4012555-5</subfield>
   <subfield code="0">(DE-627)106348000</subfield>
   <subfield code="0">(DE-576)208898964</subfield>
   <subfield code="a">Deutsche Mark</subfield>
   <subfield code="2">gnd</subfield>
  </datafield>
  <datafield tag="689" ind1="0" ind2="1">
   <subfield code="a">z</subfield>
   <subfield code="2">gnd</subfield>
   <subfield code="a">Geschichte</subfield>
  </datafield>
  <datafield tag="689" ind1="0" ind2=" ">
   <subfield code="5">(DE-627)</subfield>
  </datafield>
  <datafield tag="787" ind1="0" ind2="8">
   <subfield code="i">Rezensiert in</subfield>
   <subfield code="a">Schmidt, Klaus, 1953 - 2014</subfield>
   <subfield code="t">[Rezension von: Alain Samuelson, Le mark, histoire de la monnaie allemande]</subfield>
   <subfield code="d">München : Artemis Verlag, 1977</subfield>
   <subfield code="w">(DE-627)1577983246</subfield>
   <subfield code="w">(DE-576)507983246</subfield>
  </datafield>
  <datafield tag="856" ind1="4" ind2="2">
   <subfield code="u">http://d-nb.info/368415295/04</subfield>
   <subfield code="m">V:DE-605</subfield>
   <subfield code="q">application/pdf</subfield>
   <subfield code="3">Inhaltsverzeichnis</subfield>
  </datafield>
  <datafield tag="883" ind1=" " ind2=" ">
   <subfield code="8">1</subfield>
   <subfield code="a">cgwrk</subfield>
   <subfield code="d">20241001</subfield>
   <subfield code="q">DE-101</subfield>
   <subfield code="u">https://d-nb.info/provenance/plan#cgwrk</subfield>
  </datafield>
  <datafield tag="936" ind1="r" ind2="v">
   <subfield code="a">QK 210</subfield>
   <subfield code="b">Geschichte</subfield>
   <subfield code="k">Wirtschaftswissenschaften</subfield>
   <subfield code="k">Geld, Kredit- und Bankwesen. Bankbetriebslehre</subfield>
   <subfield code="k">Geld, Währung, Währungsstandards</subfield>
   <subfield code="k">Geschichte</subfield>
   <subfield code="0">(DE-627)1271477122</subfield>
   <subfield code="0">(DE-625)rvk/141635:</subfield>
   <subfield code="0">(DE-576)201477122</subfield>
  </datafield>
  <datafield tag="936" ind1="r" ind2="v">
   <subfield code="a">ND 6480</subfield>
   <subfield code="b">Numismatik Deutschlands und der deutschen Länder und Städte (einschl. Österreich)</subfield>
   <subfield code="k">Geschichte</subfield>
   <subfield code="k">Historische Hilfswissenschaften</subfield>
   <subfield code="k">Numismatik (Münz- und Geldgeschichte)</subfield>
   <subfield code="k">Numismatik des Mittelalters und der Neuzeit</subfield>
   <subfield code="k">Numismatik Deutschlands und der deutschen Länder und Städte (einschl. Österreich)</subfield>
   <subfield code="0">(DE-627)1271086786</subfield>
   <subfield code="0">(DE-625)rvk/125099:</subfield>
   <subfield code="0">(DE-576)201086786</subfield>
  </datafield>
  <datafield tag="936" ind1="b" ind2="k">
   <subfield code="a">15.13</subfield>
   <subfield code="j">Numismatik</subfield>
   <subfield code="j">Sphragistik</subfield>
   <subfield code="q">coli-conc RVK-&gt;BK</subfield>
   <subfield code="q">https://coli-conc.gbv.de/api/mappings/4b6bd404-0784-4f31-8e56-3f03c7149123</subfield>
   <subfield code="0">(DE-627)106404598</subfield>
  </datafield>
  <datafield tag="951" ind1=" " ind2=" ">
   <subfield code="a">BO</subfield>
  </datafield>
  <datafield tag="990" ind1=" " ind2=" ">
   <subfield code="a">Deutsche Mark</subfield>
  </datafield>
  <datafield tag="990" ind1=" " ind2=" ">
   <subfield code="a">Geschichte</subfield>
  </datafield>
  <datafield tag="991" ind1=" " ind2=" ">
   <subfield code="a">Rezensiertes Werk</subfield>
  </datafield>
  <datafield tag="999" ind1=" " ind2=" ">
   <subfield code="a">KXP-PPN1138248932</subfield>
   <subfield code="e">4695632268</subfield>
  </datafield>
 </record>
</collection>
